[Event "V Festival A"]
[Site "Forni di Sopra ITA"]
[Date "2014.06.15"]
[Round "3"]
[White "Libiszewski, Fabien"]
[Black "Bellia, Fabrizio"]
[WhiteElo "2543"]
[BlackElo "2393"]
[Result "1-0"]
[PlyCount "73"]
[EventDate "2014.06.14"]

1. c4 e6 2. g3 d5 3. Nf3 Nf6 4. Bg2 dxc4 5. Qa4+ c6 6. Qxc4 b5 7. Qc2 Bb7 8.
O-O Nbd7 9. Nc3 a6 10. a4 Be7 11. d3 O-O 12. e4 b4 13. Nb1 a5 14. Nbd2 Ba6 15.
Nb3 Rc8 16. Rd1 c5 17. Nbd2 Qc7 18. Nc4 Bxc4 19. Qxc4 Bd6 20. Be3 Ng4 21. Rac1
Nxe3 22. fxe3 Ne5 23. Nxe5 Bxe5 24. Qb3 Qe7 25. Rc4 Qg5 26. d4 cxd4 27. exd4
Rxc4 28. Qxc4 Qe3+ 29. Kf1 Rd8 30. Rd3 Qg5 31. dxe5 Rxd3 32. Qxd3 Qc1+ 33. Ke2
h5 34. b3 Qb2+ 35. Kf1 Qxe5 36. Bf3 h4 37. Qd8+ 1-0

[Event "V Festival A"]
[Site "Forni di Sopra ITA"]
[Date "2014.06.15"]
[Round "3"]
[White "Molina, Fabrizio"]
[Black "Basso, Pier Luigi"]
[WhiteElo "2246"]
[BlackElo "2312"]
[Result "0-1"]
[PlyCount "80"]
[EventDate "2014.06.14"]

1. Nf3 Nf6 2. c4 e6 3. g3 b6 4. Bg2 Bb7 5. O-O Be7 6. Nc3 O-O 7. Re1 c5 8. e4
d6 9. d4 cxd4 10. Nxd4 Qc7 11. Be3 a6 12. Rc1 Nbd7 13. b3 Rfe8 14. f3 Rad8 15.
Qd2 Qb8 16. Qf2 Ne5 17. Red1 d5 18. cxd5 exd5 19. exd5 Ba3 20. Rb1 Neg4 21.
fxg4 Nxg4 22. Bf4 Nxf2 23. Bxb8 Nxd1 24. Rxd1 Rxb8 25. Nc6 Bc5+ 26. Kf1 Rbc8
27. Na4 Be3 28. Nb2 a5 29. Nc4 Bc5 30. Bf3 g6 31. Kg2 Kg7 32. Rc1 Ba6 33. Rc2
Bxc4 34. Rxc4 Re1 35. h4 Rg1+ 36. Kh3 Bd6 37. Bg2 Re8 38. Kh2 Ra1 39. Nd4 Rxa2
40. Rc6 Bc5 0-1

[Event "V Festival A"]
[Site "Forni di Sopra ITA"]
[Date "2014.06.15"]
[Round "3"]
[White "Naumkin, Igor"]
[Black "Sharapov, Sanal"]
[WhiteElo "2427"]
[BlackElo "2265"]
[Result "1-0"]
[PlyCount "81"]
[EventDate "2014.06.14"]

1. d4 Nf6 2. c4 d6 3. Nc3 Nbd7 4. e4 e5 5. Nf3 Be7 6. Be2 O-O 7. O-O Re8 8. Re1
Bf8 9. Bf1 g6 10. h3 Bg7 11. Be3 exd4 12. Bxd4 a5 13. Qc2 c6 14. Rad1 Qc7 15.
Be3 Ne5 16. Nh2 Ned7 17. Bf4 Ne5 18. Qd2 Bf8 19. b3 Be6 20. Bg5 Ned7 21. Nf3
Nh5 22. Be2 f6 23. Be3 Bf7 24. Nh2 Ng7 25. Ng4 Be6 26. Bf4 h5 27. Ne3 Ne5 28.
Bh2 Bf7 29. f4 Nd7 30. Kh1 Nc5 31. Bf3 Rad8 32. Qc2 Qe7 33. Bg3 Qc7 34. Bh2 Qe7
35. Re2 Qc7 36. g4 hxg4 37. hxg4 Nce6 38. Ncd5 cxd5 39. Nxd5 Qc8 40. Nxf6+ Kh8
41. Bg3 1-0

[Event "V Festival A"]
[Site "Forni di Sopra ITA"]
[Date "2014.06.15"]
[Round "3"]
[White "Ni, Hua"]
[Black "Zamengo, Fulvio"]
[WhiteElo "2653"]
[BlackElo "2168"]
[Result "1-0"]
[PlyCount "107"]
[EventDate "2014.06.14"]

1. d4 Nf6 2. c4 c5 3. d5 b5 4. cxb5 a6 5. bxa6 g6 6. Nc3 Bxa6 7. e4 Bxf1 8.
Kxf1 d6 9. Nf3 Bg7 10. g3 O-O 11. Kg2 Nbd7 12. a4 Qb6 13. Qe2 Rfb8 14. Nb5 Ne8
15. Bg5 Bf6 16. Bxf6 Ndxf6 17. Nd2 Nc7 18. Nc4 Qb7 19. Nxc7 Qxc7 20. a5 Rb4 21.
Rhc1 Qb7 22. Rc3 Ra6 23. Kg1 Ne8 24. Qc2 Nc7 25. Ra4 Rb5 26. Raa3 Ra8 27. Rcb3
Qa6 28. Nb6 Ra7 29. Rxb5 Nxb5 30. Ra4 Nd4 31. Qc4 Qxc4 32. Nxc4 Nc2 33. Kf1 Nb4
34. Ke2 Kf8 35. Kd2 Rb7 36. Kc3 Na6 37. Nb6 Ke8 38. Kc4 Kd8 39. Kb5 Ra7 40. f4
Nb4 41. Rxb4 cxb4 42. Kxb4 Kc7 43. Kb5 Kb8 44. b4 Rb7 45. a6 Rc7 46. Nc4 f6 47.
Na5 Rc2 48. Kb6 Rxh2 49. b5 Rb2 50. a7+ Ka8 51. Ka6 Ra2 52. b6 Rxa5+ 53. Kxa5
Kb7 54. f5 1-0

[Event "V Festival A"]
[Site "Forni di Sopra ITA"]
[Date "2014.06.15"]
[Round "3"]
[White "Pescatore, Lorenzo"]
[Black "D'Amore, Carlo"]
[WhiteElo "2223"]
[BlackElo "2492"]
[Result "1/2-1/2"]
[PlyCount "49"]
[EventDate "2014.06.14"]

1. Nf3 Nf6 2. c4 c6 3. Nc3 d5 4. cxd5 cxd5 5. d4 Nc6 6. Bf4 a6 7. Rc1 Bf5 8. e3
Rc8 9. Bd3 Bxd3 10. Qxd3 e6 11. O-O Be7 12. h3 O-O 13. Na4 Nd7 14. Nc5 Nxc5 15.
dxc5 b6 16. cxb6 Qxb6 17. Ne5 Nxe5 18. Bxe5 f6 19. Rxc8 Rxc8 20. Bc3 Qb5 21.
Rd1 Qa4 22. Qb1 Qc4 23. Rd4 Qb5 24. Qd1 Rc4 25. Rxc4 1/2-1/2

[Event "V Festival A"]
[Site "Forni di Sopra ITA"]
[Date "2014.06.15"]
[Round "3"]
[White "Romanishin, Oleg M."]
[Black "Brunello, Marina"]
[WhiteElo "2487"]
[BlackElo "2315"]
[Result "1-0"]
[PlyCount "79"]
[EventDate "2014.06.14"]

1. Nf3 d5 2. g3 Nf6 3. Bg2 c6 4. O-O Bf5 5. c4 e6 6. Qb3 Qb6 7. d3 Nbd7 8. Be3
Bc5 9. Bxc5 Nxc5 10. Qc3 O-O 11. Nbd2 a5 12. Qd4 Rfd8 13. Rac1 Ncd7 14. Qxb6
Nxb6 15. cxd5 exd5 16. Nd4 Bd7 17. Rc2 Nc8 18. h3 Ne7 19. N4f3 Ng6 20. Rfc1 Ne8
21. h4 h5 22. Nd4 Ne5 23. Rc3 Nd6 24. a4 Bg4 25. Kf1 Re8 26. N2b3 Ra7 27. f3
Bc8 28. e4 dxe4 29. dxe4 f6 30. Kf2 f5 31. exf5 Nxf5 32. Re1 Nxd4 33. Nxd4 Kf7
34. Bf1 Bd7 35. Rce3 Kf6 36. g4 Bxg4 37. f4 Raa8 38. fxe5+ Ke7 39. Rb3 Rad8 40.
Rxb7+ 1-0

[Event "V Festival A"]
[Site "Forni di Sopra ITA"]
[Date "2014.06.16"]
[Round "4"]
[White "Basso, Pier Luigi"]
[Black "Naumkin, Igor"]
[WhiteElo "2312"]
[BlackElo "2427"]
[Result "0-1"]
[PlyCount "94"]
[EventDate "2014.06.14"]

1. d4 Nf6 2. c4 e6 3. g3 d5 4. Bg2 Be7 5. Nf3 O-O 6. O-O dxc4 7. Qc2 a6 8. Qxc4
b5 9. Qc2 Bb7 10. Bd2 Be4 11. Qc1 Nc6 12. Be3 Nb4 13. Nc3 Bb7 14. Rd1 h6 15. a3
Nbd5 16. Nxd5 Bxd5 17. Ne5 Bxg2 18. Kxg2 Qd5+ 19. f3 c5 20. Qc3 c4 21. Bf2 Rac8
22. e4 Qb7 23. b3 Nd7 24. Nxd7 Qxd7 25. d5 exd5 26. Rxd5 Qe6 27. Rad1 cxb3 28.
Qxb3 Rc4 29. R5d3 Rfc8 30. R1d2 Rc1 31. Qb2 Qc4 32. Qd4 Qxd4 33. Bxd4 R8c2 34.
Bb2 Rd1 35. Rd8+ Bxd8 36. Rxc2 Be7 37. Bc1 Rd3 38. Ra2 Rc3 39. Ra1 Rc2+ 40. Kh3
Rf2 41. f4 Re2 42. a4 b4 43. a5 Rxe4 44. Bb2 Re2 45. Rb1 f5 46. Bd4 g5 47. g4
Re4 0-1

[Event "V Festival A"]
[Site "Forni di Sopra ITA"]
[Date "2014.06.16"]
[Round "4"]
[White "Bellia, Fabrizio"]
[Black "Seyfried, Claus"]
[WhiteElo "2393"]
[BlackElo "2183"]
[Result "1-0"]
[PlyCount "57"]
[EventDate "2014.06.14"]

1. d4 d5 2. c4 c6 3. Nf3 e6 4. e3 Bd6 5. Nc3 f5 6. Ne5 Nf6 7. Be2 Nbd7 8. f4
O-O 9. O-O Ne4 10. Nxe4 fxe4 11. Bd2 Nxe5 12. fxe5 Rxf1+ 13. Qxf1 Be7 14. Qf4
Bg5 15. Qg3 Bd7 16. Rf1 Qe7 17. a3 a5 18. b4 b6 19. bxa5 bxa5 20. Rb1 Bh4 21.
Qg4 Rf8 22. c5 Bf2+ 23. Kh1 Be8 24. g3 h5 25. Qh3 h4 26. Kg2 Bg6 27. Rf1 hxg3
28. hxg3 Qf7 29. Bg4 1-0

[Event "V Festival A"]
[Site "Forni di Sopra ITA"]
[Date "2014.06.16"]
[Round "4"]
[White "Brunello, Marina"]
[Black "Voltolini, Giuseppe"]
[WhiteElo "2315"]
[BlackElo "2174"]
[Result "1-0"]
[PlyCount "61"]
[EventDate "2014.06.14"]

1. e4 e5 2. Nf3 Nc6 3. d4 exd4 4. Nxd4 Nf6 5. Nc3 Bb4 6. Nxc6 bxc6 7. Bd3 d5 8.
exd5 cxd5 9. O-O O-O 10. h3 c6 11. Qf3 Bd6 12. Ne2 Nd7 13. Bf4 Nc5 14. Rac1 Qf6
15. Bxd6 Qxd6 16. Rfd1 Be6 17. Ng3 Nxd3 18. cxd3 c5 19. b3 a5 20. d4 cxd4 21.
Rxd4 Rfc8 22. Rcd1 Rc2 23. Nf5 Qf8 24. Ra4 Bd7 25. Rh4 Rxa2 26. Ne3 Be6 27.
Nxd5 Bxd5 28. Rxd5 Ra1+ 29. Kh2 Re1 30. Rd7 Rd8 31. Qd3 1-0

[Event "V Festival A"]
[Site "Forni di Sopra ITA"]
[Date "2014.06.16"]
[Round "4"]
[White "Bruno, Fabio"]
[Black "Boscolo, Federico"]
[WhiteElo "2427"]
[BlackElo "2306"]
[Result "1-0"]
[PlyCount "123"]
[EventDate "2014.06.14"]

1. d4 Nf6 2. c4 g6 3. Nc3 Bg7 4. e4 d6 5. Be2 O-O 6. Nf3 e5 7. O-O Nc6 8. d5
Ne7 9. b4 c6 10. a4 a5 11. bxa5 c5 12. Nd2 Ne8 13. Nb3 Ra6 14. Nb5 f5 15. f3 f4
16. Ba3 g5 17. h3 h5 18. Kf2 Ng6 19. Ke1 Nh4 20. Rg1 Nf6 21. Kd2 g4 22. hxg4
hxg4 23. Qe1 Rf7 24. Kc2 Nxe4 25. fxe4 f3 26. gxf3 gxf3 27. Rh1 Rf4 28. Bd3 Qg5
29. Rg1 f2 30. Rxg5 fxe1=Q 31. Rxe1 Nf3 32. Reg1 Nxg5 33. Rxg5 Rg4 34. Bc1 Kf7
35. Rxg4 Bxg4 36. Bd2 Bf6 37. Nxd6+ Rxd6 38. Nxc5 Bc8 39. Bc3 Rd8 40. Nb3 Bd7
41. Nc5 Bc8 42. a6 bxa6 43. Ba5 Rh8 44. Bc7 Ke8 45. Kc3 Rh3 46. a5 Bd8 47. Bxd8
Kxd8 48. Kb4 Kc7 49. Bc2 Rh2 50. Bd3 Rh3 51. Bc2 Rh2 52. Ba4 Re2 53. Be8 Rb2+
54. Kc3 Ra2 55. Kb3 Re2 56. Bg6 Rg2 57. Bf5 Bxf5 58. Nxa6+ Kc8 59. exf5 Rf2 60.
Nc5 Rf3+ 61. Kb4 Kc7 62. a6 1-0

[Event "V Festival A"]
[Site "Forni di Sopra ITA"]
[Date "2014.06.16"]
[Round "4"]
[White "D'Amore, Carlo"]
[Black "Thingstad, Even"]
[WhiteElo "2492"]
[BlackElo "2251"]
[Result "1/2-1/2"]
[PlyCount "106"]
[EventDate "2014.06.14"]

1. Nf3 d5 2. g3 Nf6 3. Bg2 c6 4. b3 Bg4 5. Bb2 Nbd7 6. c4 e6 7. d3 Bd6 8. Nbd2
O-O 9. O-O Qe7 10. h3 Bh5 11. Qc2 a5 12. a3 Rfc8 13. e4 dxe4 14. dxe4 e5 15.
Nh4 Bg6 16. Nf5 Bxf5 17. exf5 Bc5 18. Rfe1 Re8 19. Re2 Rad8 20. Bc3 Bxa3 21.
Bxa5 Ra8 22. Bc3 Bc5 23. Rae1 Qd6 24. Rd1 Bd4 25. Nf3 c5 26. b4 Qc7 27. bxc5
Bxc5 28. Nd2 Rac8 29. Qb2 e4 30. Nxe4 Nxe4 31. Rxe4 Rxe4 32. Bxe4 Qxg3+ 33. Bg2
Nf6 34. Be5 Qg5 35. Qxb7 Re8 36. Bxf6 Qxf6 37. Qc6 Qe5 38. Qd5 Qc7 39. Qc6 Qe5
40. Qd5 Qc7 41. Kf1 h6 42. f6 Bb6 43. Bf3 Rd8 44. Qe4 Rxd1+ 45. Bxd1 gxf6 46.
Bc2 Kf8 47. Qh4 Kg7 48. Bd1 Qe5 49. Bf3 Qg5 50. Qe4 Qc1+ 51. Kg2 Qg5+ 52. Kf1
Qc1+ 53. Kg2 Qg5+ 1/2-1/2

[Event "V Festival A"]
[Site "Forni di Sopra ITA"]
[Date "2014.06.16"]
[Round "4"]
[White "Dvirnyy, Danyyil"]
[Black "Libiszewski, Fabien"]
[WhiteElo "2549"]
[BlackElo "2543"]
[Result "1/2-1/2"]
[PlyCount "39"]
[EventDate "2014.06.14"]

1. Nf3 Nf6 2. c4 g6 3. g3 Bg7 4. Bg2 O-O 5. O-O c6 6. b3 Ne4 7. d4 d5 8. Bb2
Bf5 9. Nbd2 Nd7 10. Nh4 Nxd2 11. Qxd2 Be6 12. cxd5 cxd5 13. Rac1 Qb6 14. Nf3
Rfc8 15. Ba3 Bf8 16. Ng5 Nf6 17. Nxe6 Qxe6 18. Qd3 Qd7 19. Rxc8 Rxc8 20. Rc1
1/2-1/2

[Event "V Festival A"]
[Site "Forni di Sopra ITA"]
[Date "2014.06.16"]
[Round "4"]
[White "Gregori, Giacomo"]
[Black "Pescatore, Lorenzo"]
[WhiteElo "2042"]
[BlackElo "2223"]
[Result "0-1"]
[PlyCount "50"]
[EventDate "2014.06.14"]

1. Nf3 c5 2. c4 Nc6 3. Nc3 g6 4. g3 Bg7 5. Bg2 e6 6. d3 Nge7 7. Bg5 h6 8. Bd2
O-O 9. O-O d5 10. cxd5 exd5 11. Qc1 Kh7 12. e4 d4 13. Nd5 b6 14. a3 Ba6 15. Qb1
Nxd5 16. exd5 Ne7 17. d6 Qxd6 18. b4 Nd5 19. Qb3 Nc3 20. Bxc3 dxc3 21. b5 Bc8
22. Rad1 Bd7 23. d4 cxd4 24. Nxd4 Bg4 25. Bxa8 Rxa8 0-1

[Event "V Festival A"]
[Site "Forni di Sopra ITA"]
[Date "2014.06.16"]
[Round "4"]
[White "Keilhack, Harald"]
[Black "Ni, Hua"]
[WhiteElo "2254"]
[BlackElo "2653"]
[Result "0-1"]
[PlyCount "112"]
[EventDate "2014.06.14"]

1. Nf3 c5 2. c4 Nc6 3. Nc3 g6 4. e3 Nf6 5. d4 cxd4 6. exd4 d5 7. Be2 Bg7 8. O-O
O-O 9. Re1 Bg4 10. c5 Ne4 11. Be3 e6 12. h3 Bxf3 13. Bxf3 f5 14. Ne2 g5 15. Rb1
Qf6 16. b4 Qg6 17. b5 Ne7 18. Qc2 h5 19. h4 g4 20. Nf4 Qf7 21. Bxe4 fxe4 22. g3
Nf5 23. Red1 Bh6 24. Qd2 Nxh4 25. gxh4 Bxf4 26. c6 Bd6 27. Bh6 Rfe8 28. cxb7
Rab8 29. b6 Rxb7 30. bxa7 Rxa7 31. Rb6 Be7 32. Bg5 Qf5 33. Bxe7 Raxe7 34. Qh6
Rg7 35. Rb3 Rf8 36. Rd2 Rg6 37. Qe3 Qf3 38. Rdb2 g3 39. Qxf3 exf3 40. Rb8 Rxb8
41. Rxb8+ Kf7 42. fxg3 Rxg3+ 43. Kf2 Rh3 44. Rb3 Rxh4 45. Rxf3+ Ke7 46. Ke3 Rh2
47. Rf1 Rh3+ 48. Kd2 h4 49. Kc2 Rg3 50. Rh1 h3 51. a4 Ra3 52. a5 Kd7 53. Kb2
Rg3 54. Rc1 h2 55. Rh1 Rh3 56. a6 Kc7 0-1

[Event "V Festival A"]
[Site "Forni di Sopra ITA"]
[Date "2014.06.16"]
[Round "4"]
[White "Medancic, Rikard"]
[Black "Guichard, Pauline"]
[WhiteElo "2211"]
[BlackElo "2356"]
[Result "0-1"]
[PlyCount "116"]
[EventDate "2014.06.14"]

1. d4 d5 2. Nf3 e6 3. c3 c5 4. Bg5 f6 5. Bf4 cxd4 6. cxd4 Bd6 7. Bxd6 Qxd6 8.
e3 Ne7 9. Nc3 Bd7 10. Qb3 Bc6 11. Bb5 Nd7 12. O-O O-O 13. Bxc6 bxc6 14. Rac1
Rab8 15. Qc2 e5 16. e4 Qb4 17. exd5 cxd5 18. dxe5 fxe5 19. Qa4 Qxa4 20. Nxa4
Rfc8 21. b3 Nf5 22. Rfd1 e4 23. Ne1 d4 24. Rxc8+ Rxc8 25. g4 Nh4 26. Rxd4 Rc1
27. Rxe4 Nf3+ 28. Kg2 Nxe1+ 29. Kg3 Nd3 30. h3 N7e5 31. Re3 Rg1+ 32. Kh2 Rf1
33. Kg3 g5 34. Nc5 Ne1 35. f3 Rxf3+ 36. Rxf3 N1xf3 37. b4 Kf7 38. a4 h6 39. b5
Nd4 40. h4 Ne2+ 41. Kf2 Nc3 42. hxg5 hxg5 43. Ke3 Nxg4+ 44. Kd4 Ne2+ 45. Kd5
Nf6+ 46. Kc6 g4 47. Nd3 g3 48. Ne1 Nd4+ 49. Kb7 Ke7 50. Kxa7 Kd6 51. b6 Nd7 52.
Kb7 Nb3 53. Ka7 Nbc5 54. a5 Kc6 55. Ng2 Nb3 56. b7 Kc7 57. a6 Nd4 58. b8=Q+
Nxb8 0-1

[Event "V Festival A"]
[Site "Forni di Sopra ITA"]
[Date "2014.06.16"]
[Round "4"]
[White "Romanishin, Oleg M."]
[Black "Delchev, Aleksander"]
[WhiteElo "2487"]
[BlackElo "2638"]
[Result "1/2-1/2"]
[PlyCount "31"]
[EventDate "2014.06.14"]

1. Nf3 d5 2. g3 c6 3. Bg2 Bg4 4. c4 e6 5. Qb3 Qb6 6. d3 Nd7 7. Be3 dxc4 8. Qxc4
Qxb2 9. Bd4 Qb4+ 10. Nbd2 Bxf3 11. Bxf3 Qa5 12. Rb1 Rb8 13. Bc3 Qc7 14. Qa4
Ngf6 15. Qxa7 Bc5 16. Qa5 1/2-1/2

[Event "V Festival A"]
[Site "Forni di Sopra ITA"]
[Date "2014.06.16"]
[Round "4"]
[White "Valsecchi, Alessio"]
[Black "Boraso, Alessio"]
[WhiteElo "2407"]
[BlackElo "2211"]
[Result "1-0"]
[PlyCount "65"]
[EventDate "2014.06.14"]

1. e4 c5 2. Nf3 g6 3. Nc3 Bg7 4. Bc4 Nc6 5. a3 e6 6. b4 b6 7. O-O Nge7 8. Re1
O-O 9. e5 Qc7 10. Nb5 Qb8 11. bxc5 bxc5 12. d4 Nxd4 13. Nbxd4 cxd4 14. a4 d5
15. Ba3 dxc4 16. Bxe7 Re8 17. Bd6 Qb7 18. Rb1 Qa6 19. Nxd4 Bb7 20. c3 Bf8 21.
Nb5 Qc6 22. Qg4 Bxd6 23. Nxd6 Re7 24. Rb4 Ba6 25. h4 h5 26. Qf4 Rd7 27. Reb1
Qc7 28. g4 hxg4 29. Ne4 Kg7 30. Qf6+ Kg8 31. h5 gxh5 32. Qh6 f5 33. Nf6+ 1-0

[Event "V Festival A"]
[Site "Forni di Sopra ITA"]
[Date "2014.06.16"]
[Round "4"]
[White "Vezzosi, Paolo"]
[Black "Behling, Robert"]
[WhiteElo "2302"]
[BlackElo "2117"]
[Result "1/2-1/2"]
[PlyCount "87"]
[EventDate "2014.06.14"]

1. Nf3 d5 2. c4 e6 3. e3 Nf6 4. b3 Be7 5. Bb2 O-O 6. g3 b6 7. Bg2 Bb7 8. O-O
dxc4 9. bxc4 Nbd7 10. d3 Qc8 11. Qe2 Rd8 12. Nc3 c5 13. Rad1 Nb8 14. Ne5 Bxg2
15. Kxg2 Qb7+ 16. Kg1 Nfd7 17. f4 f5 18. d4 Nxe5 19. dxe5 Nc6 20. e4 Nd4 21.
Qg2 g6 22. g4 Kh8 23. exf5 Qxg2+ 24. Kxg2 gxf5 25. gxf5 Nxf5 26. Kf3 Rd4 27.
Rxd4 Nxd4+ 28. Ke4 Rg8 29. Nd1 Nf5 30. Ne3 Nxe3 31. Kxe3 Rg2 32. Rf2 Rxf2 33.
Kxf2 Kg7 34. Kf3 Kg6 35. Ke4 Bh4 36. Bc3 Bf2 37. a4 Bg1 38. h3 Bf2 39. Bd2 Bh4
40. Be3 Be1 41. Bc1 Bf2 42. Bd2 Bh4 43. Be3 Be1 44. Bc1 1/2-1/2

[Event "V Festival A"]
[Site "Forni di Sopra ITA"]
[Date "2014.06.17"]
[Round "5"]
[White "Behling, Robert"]
[Black "Congiu, Mathilde"]
[WhiteElo "2117"]
[BlackElo "2279"]
[Result "0-1"]
[PlyCount "102"]
[EventDate "2014.06.14"]

1. d4 Nf6 2. c4 g6 3. Nc3 Bg7 4. e4 d6 5. f3 O-O 6. Be3 c5 7. Nge2 Nc6 8. d5
Ne5 9. Ng3 h5 10. Be2 h4 11. Nf1 e6 12. Nd2 exd5 13. cxd5 a6 14. a4 Rb8 15. O-O
Qe8 16. a5 b5 17. axb6 Rxb6 18. Qc2 h3 19. g3 Qe7 20. Nc4 Nxc4 21. Bxc4 Ne8 22.
Rae1 Qb7 23. Na4 Rb4 24. b3 Bd7 25. Nxc5 dxc5 26. Bxc5 Nc7 27. Qd2 a5 28. e5
Re8 29. Bxb4 axb4 30. f4 Bf8 31. d6 Bf5 32. Ra1 Rd8 33. Qf2 Nb5 34. Rfc1 Kg7
35. Ra2 Rc8 36. Rca1 Na3 37. Rd1 Nxc4 38. bxc4 Rxc4 39. Rad2 Qc6 40. Qe3 Re4
41. Qa7 b3 42. Rf2 Ra4 43. Qb8 Ra2 44. Rxa2 bxa2 45. Qb2 Qg2+ 46. Qxg2 hxg2 47.
Ra1 Bb1 48. Kxg2 f6 49. Kf3 fxe5 50. fxe5 Kf7 51. Ke3 Bg7 0-1

[Event "V Festival A"]
[Site "Forni di Sopra ITA"]
[Date "2014.06.17"]
[Round "5"]
[White "Boscolo, Federico"]
[Black "Sharapov, Sanal"]
[WhiteElo "2306"]
[BlackElo "2265"]
[Result "1/2-1/2"]
[PlyCount "69"]
[EventDate "2014.06.14"]

1. e4 e5 2. Nf3 Nc6 3. Bc4 Nf6 4. Ng5 Bc5 5. Bxf7+ Ke7 6. Bb3 Rf8 7. O-O d6 8.
d3 h6 9. Nf3 Bg4 10. h3 Bh5 11. c3 g5 12. Be3 g4 13. hxg4 Bxg4 14. Nbd2 Qe8 15.
Qe1 Bxf3 16. Nxf3 Ng4 17. Nh2 Nxh2 18. Kxh2 Qh5+ 19. Kg1 Bxe3 20. Qxe3 Rf4 21.
Qh3 Qxh3 22. gxh3 Rf3 23. Kg2 Rxd3 24. Rad1 Rxd1 25. Rxd1 Na5 26. Bc2 Rg8+ 27.
Kf3 Nc4 28. Bb3 Rf8+ 29. Ke2 Nb6 30. Rg1 Kf6 31. h4 Nc8 32. h5 Ne7 33. Ke3 c6
34. f4 d5 35. Rd1 1/2-1/2

[Event "V Festival A"]
[Site "Forni di Sopra ITA"]
[Date "2014.06.17"]
[Round "5"]
[White "Brociner, Beniamino"]
[Black "D'Amore, Carlo"]
[WhiteElo "2157"]
[BlackElo "2492"]
[Result "0-1"]
[PlyCount "110"]
[EventDate "2014.06.14"]

1. Nf3 Nf6 2. c4 c6 3. d4 d5 4. Nbd2 Bf5 5. Nh4 Bd7 6. e3 e6 7. Nhf3 c5 8. Bd3
Nc6 9. O-O cxd4 10. exd4 Nb4 11. Bb1 dxc4 12. Nxc4 Bb5 13. b3 Be7 14. Re1 O-O
15. a3 Nbd5 16. Bd3 Rc8 17. Bd2 Bc6 18. Nce5 Nb6 19. Bg5 h6 20. Be3 Nbd5 21.
Bd2 Nb6 22. Be3 Qd5 23. b4 Bb5 24. Bc2 Rc7 25. Bb3 Qd6 26. Bf4 Nbd5 27. Bg3 Qd8
28. Nxf7 Kxf7 29. Bxc7 Qxc7 30. Ne5+ Kg8 31. Rc1 Qd6 32. Ng6 Rd8 33. f4 Nxf4
34. Nxf4 Qxf4 35. Rxe6 Kf8 36. d5 Bd6 37. g3 Qg5 38. Rc3 Be8 39. h4 Qh5 40. Qf1
Be5 41. Rf3 Bf7 42. Rf5 Qg4 43. Rexe5 Qxg3+ 44. Kh1 Qxb3 45. Rxf6 gxf6 46. Qxf6
Qh3+ 47. Kg1 Qg3+ 48. Kf1 Rd7 49. Qh8+ Qg8 50. Qxh6+ Qg7 51. Qf4 Rd6 52. Rf5
Ke7 53. Re5+ Kd7 54. Qf5+ Kd8 55. Ke2 Bxd5 0-1

[Event "V Festival A"]
[Site "Forni di Sopra ITA"]
[Date "2014.06.17"]
[Round "5"]
[White "Brunello, Marina"]
[Black "Valsecchi, Alessio"]
[WhiteElo "2315"]
[BlackElo "2407"]
[Result "0-1"]
[PlyCount "58"]
[EventDate "2014.06.14"]

1. e4 e5 2. Nf3 Nc6 3. d4 exd4 4. Nxd4 Bc5 5. Nb3 Bb6 6. Qe2 d6 7. Nc3 Nf6 8.
Be3 Be6 9. O-O-O Qe7 10. f3 O-O-O 11. Bxb6 axb6 12. Nd4 Kb8 13. Qd2 d5 14.
Nxc6+ bxc6 15. e5 Nd7 16. Qe3 f6 17. exf6 Qxf6 18. Kb1 Rhe8 19. Ne2 d4 20. Qa3
Kb7 21. Nc1 Ra8 22. Qd3 Ne5 23. Qd2 Ra5 24. Bd3 Bxa2+ 25. Nxa2 Rea8 26. Qxa5
Rxa5 27. Rhe1 c5 28. Be4+ c6 29. Nc1 g6 0-1

[Event "V Festival A"]
[Site "Forni di Sopra ITA"]
[Date "2014.06.17"]
[Round "5"]
[White "Ceschia, Ivano"]
[Black "Basso, Pier Luigi"]
[WhiteElo "2242"]
[BlackElo "2312"]
[Result "1/2-1/2"]
[PlyCount "64"]
[EventDate "2014.06.14"]

1. e4 c5 2. Nf3 d6 3. d4 cxd4 4. Qxd4 Nc6 5. Bb5 Bd7 6. Bxc6 Bxc6 7. c4 f5 8.
Nc3 e5 9. Qd3 fxe4 10. Nxe4 Nf6 11. Nc3 Be7 12. Ng5 Qd7 13. O-O O-O 14. f3 h6
15. Nge4 Nxe4 16. fxe4 Rxf1+ 17. Qxf1 Bd8 18. Be3 Ba5 19. Nd5 Bxd5 20. cxd5 Bb6
21. Bxb6 axb6 22. a3 Ra4 23. Re1 Qg4 24. Qf3 Qxf3 25. gxf3 Rc4 26. Re3 Rc1+ 27.
Kf2 Rc2+ 28. Re2 Rxe2+ 29. Kxe2 Kf7 30. Kd3 Kf6 31. Kc4 Kg5 32. Kb5 Kf4 1/2-1/2

[Event "V Festival A"]
[Site "Forni di Sopra ITA"]
[Date "2014.06.17"]
[Round "5"]
[White "Guichard, Pauline"]
[Black "Bruno, Fabio"]
[WhiteElo "2356"]
[BlackElo "2427"]
[Result "1/2-1/2"]
[PlyCount "117"]
[EventDate "2014.06.14"]

1. d4 d5 2. c4 c6 3. Nf3 Nf6 4. Nc3 e6 5. e3 a6 6. b3 c5 7. Bd3 Nc6 8. Bb2 Be7
9. O-O O-O 10. Qe2 cxd4 11. exd4 Nb4 12. Bb1 b6 13. Re1 Bb7 14. a3 Nc6 15. cxd5
exd5 16. Qd3 Bd6 17. Nxd5 g6 18. Ne3 Re8 19. Ba2 Bf8 20. b4 Ne5 21. Nxe5 Rxe5
22. Rad1 Re7 23. d5 Rd7 24. Be5 b5 25. Qd4 Bg7 26. h3 h5 27. d6 Ne8 28. Bxg7
Nxg7 29. Nd5 Bxd5 30. Bxd5 Nf5 31. Qe5 Rc8 32. g4 hxg4 33. hxg4 Nxd6 34. Kg2
Qh4 35. Qf4 Ne8 36. Qf3 Nf6 37. Bb3 Rxd1 38. Rxd1 Kg7 39. Rd7 Nxd7 40. Qxf7+
Kh6 41. Qxd7 Rf8 42. Qd2+ Qg5 43. Qe2 Qf4 44. Bd5 Qd4 45. Bf3 Kg7 46. Qe7+ Rf7
47. Qe6 Qf6 48. Qe3 Re7 49. Qd3 Rc7 50. Qe3 Re7 51. Qd3 Qe5 52. Qd8 Rf7 53. Qd3
Rc7 54. Qd8 Rc3 55. g5 Rc4 56. Qd7+ Kf8 57. Qd8+ Kg7 58. Qd7+ Kf8 59. Qd8+
1/2-1/2

[Event "V Festival A"]
[Site "Forni di Sopra ITA"]
[Date "2014.06.17"]
[Round "5"]
[White "Libiszewski, Fabien"]
[Black "Romanishin, Oleg M."]
[WhiteElo "2543"]
[BlackElo "2487"]
[Result "1/2-1/2"]
[PlyCount "71"]
[EventDate "2014.06.14"]

1. c4 e5 2. Nc3 Nf6 3. Nf3 Nc6 4. d3 g6 5. g3 Bg7 6. Bg2 O-O 7. O-O d6 8. b3
Nd4 9. Nd2 c6 10. e3 Ne6 11. Ba3 a5 12. Rc1 Nc5 13. Nde4 Nfxe4 14. Nxe4 Nxe4
15. dxe4 c5 16. Rc3 Qc7 17. Rd3 a4 18. Bb2 axb3 19. axb3 Ra6 20. f4 Ra2 21. Bc3
b5 22. cxb5 c4 23. Rxd6 cxb3 24. Rc6 Qa7 25. b6 Qa4 26. Rc5 Ba6 27. Re1 Rxg2+
28. Kxg2 Bb7 29. Kh3 Qxe4 30. Qe2 Bc8+ 31. Rxc8 Rxc8 32. Qg2 Qc4 33. b7 Rb8 34.
Ra1 Qxc3 35. Ra8 Qc7 36. Qc6 1/2-1/2

[Event "V Festival A"]
[Site "Forni di Sopra ITA"]
[Date "2014.06.17"]
[Round "5"]
[White "Naumkin, Igor"]
[Black "Delchev, Aleksander"]
[WhiteElo "2427"]
[BlackElo "2638"]
[Result "0-1"]
[PlyCount "48"]
[EventDate "2014.06.14"]

1. d4 Nf6 2. c4 e6 3. Nf3 Bb4+ 4. Nbd2 O-O 5. a3 Be7 6. g3 b6 7. Bg2 Bb7 8. b4
c5 9. bxc5 bxc5 10. O-O cxd4 11. Nb3 Nc6 12. Nbxd4 Na5 13. Qa4 Rc8 14. Nb3 Nxc4
15. Qxa7 Bd5 16. Qd4 Ne4 17. Qd3 Bf6 18. Nbd4 Nc5 19. Qd1 Bxf3 20. exf3 Bxd4
21. Qxd4 Nb3 22. Qc3 Nca5 23. Qb2 Nxa1 24. Qxa1 Nb3 0-1

[Event "V Festival A"]
[Site "Forni di Sopra ITA"]
[Date "2014.06.17"]
[Round "5"]
[White "Ni, Hua"]
[Black "Bellia, Fabrizio"]
[WhiteElo "2653"]
[BlackElo "2393"]
[Result "1-0"]
[PlyCount "119"]
[EventDate "2014.06.14"]

1. c4 e6 2. Nf3 d5 3. g3 Nf6 4. Bg2 Be7 5. d4 O-O 6. O-O dxc4 7. Qc2 a6 8. Qxc4
b5 9. Qc2 Bb7 10. Bd2 Be4 11. Qc1 Nc6 12. Be3 Rc8 13. Nbd2 Bd5 14. Rd1 Na5 15.
Qc3 Nc4 16. Nxc4 Bxc4 17. Qc2 Nd5 18. Ne5 Nb4 19. Qd2 Bd5 20. a3 Bxg2 21. Kxg2
Nc6 22. Qc3 Nxe5 23. dxe5 Qe8 24. Qa5 Qc6+ 25. f3 Rfd8 26. Rac1 Qb7 27. Rxd8+
Bxd8 28. Qd2 c6 29. Bc5 h6 30. Qd4 Ba5 31. b4 Rd8 32. Bd6 Bb6 33. Qe4 Rc8 34.
h4 a5 35. h5 axb4 36. axb4 Qa8 37. Kh3 Qb7 38. f4 Qd7 39. g4 Bd8 40. Rg1 Bb6
41. Rg3 f6 42. Qg6 fxe5 43. Bxe5 Qf7 44. Rd3 Rd8 45. Rc3 Bd4 46. Rd3 Bb6 47.
Ra3 Rc8 48. Ra6 Be3 49. Qe4 Qb7 50. Ra3 Bb6 51. Rg3 Qf7 52. Kg2 Bd8 53. Rd3 Be7
54. Rd7 Qe8 55. Rb7 Bf8 56. Qg6 Qxg6 57. hxg6 c5 58. bxc5 Rxc5 59. Rb8 Rd5 60.
Bc3 1-0